| 000 | 00000nam##2200000za#4500 |
| 001 | 9.643323 |
| 003 | CaOODSP |
| 005 | 20250506145323 |
| 007 | cr ||||||||||| |
| 008 | 150407|1982||||xxc|||||o f|0| 0 fre|d |
| 040 | |aCaOODSP|bfre |
| 043 | |an-cn--- |
| 086 | 1 |aA53-899/1982F-PDF |
| 110 | 1 |aCanada.|bAgriculture Canada. |
| 245 | 10|aHaies pour jardins canadiens / |h[ressource électronique]|crévision de T.J. Cole. |
| 250 | |aRévision |
| 260 | |aOttawa - Ontario : |bAgriculture Canada |cRévision 1980, réimpression 1982. |
| 300 | |a48p.|bill., cartes, tableaux, photographies |
| 500 | |aPublication historique numérisée par Agriculture et Agroalimentaire Canada. |
| 590 | |a14-11-Supp|b2014-05-21 |
| 691 | 07|aHorticulture|2gcpds |
| 691 | 07|aJardin|2gcpds |
| 775 | 08|tHedges for Canadian gardens / |w(CaOODSP)9.699332 |
| 856 | 40|ahttp://publications.gc.ca|qPDF|s3.1 Mo|uhttps://publications.gc.ca/collections/collection_2014/aac-aafc/agrhist/A53-899-1982-fra.pdf |
| 986 | |a899 |